| 000 | 00540cam a22001217a 4500 | ||
|---|---|---|---|
| 008 | 180718b1984 xxu||||| |||| 00| 0 eng d | ||
| 082 | _aA81x54 In2/81/15/PT13A&PT13B/M | ||
| 100 | _aCensus of India 1981 | ||
| 245 | _aNagaland district census handbook, Mokokchung: village and town directroy and village and town primary census abstract and scheduled tribes primary census abstract | ||
| 260 |
_aKohima _bThe Government of Nagaland _c1984 |
||
| 300 | _a125+p. | ||
| 440 | _aCensus of India 1981. Series-15, Nagaland. Part XIII-A and Part XIII-B | ||
| 999 |
_c483140 _d483140 |
||